[Event "Sterlitamak Rochinskiy op"]
[Site "Sterlitamak"]
[Date "2012.06.25"]
[Round "4"]
[White "Yusupov, Marat"]
[Black "Valiullin, Artur"]
[Result "0-1"]
[WhiteElo "1779"]
[BlackElo "1967"]
[PlyCount "117"]
[EventDate "2012.06.22"]
[EventType "swiss"]
[EventRounds "9"]
[EventCountry "RUS"]
[SourceTitle "EXT 2013"]
[Source "ChessBase"]
[SourceDate "2012.11.22"]
[SourceVersion "1"]
[SourceVersionDate "2012.11.22"]
[SourceQuality "1"]

1. d4 Nf6 2. c4 c5 3. d5 b5 4. cxb5 a6 5. e3 d6 6. Nc3 g6 7. Nf3 Bg7 8. e4 0-0 9. Be2 axb5 10. Bxb5 Nxe4 11. Nxe4 Qa5+ 12. Nc3 Bxc3+ 13. bxc3 Qxb5 14. Qe2 Qxe2+ 15. Kxe2 Ba6+ 16. Kd1 Bc4 17. Re1 Bxa2 18. Nd2 Bxd5 19. Rxa8 Bxa8 20. Rxe7 Bxg2 21. Nc4 Nc6 22. Rd7 d5 23. Nd6 Bf3+ 24. Kc2 Rd8 25. Rxd8+ Nxd8 26. c4 dxc4 27. Nxc4 Kg7 28. Ne5 Bd5 29. Nd7 Ne6 30. Be3 Be4+ 31. Kc3 Bf5 32. Nxc5 Nc7 33. Kd4 Kf6 34. Bf4 Ne8 35. h4 Bb1 36. Nd7+ Kf5 37. Bg3 Ng7 38. Ne5 f6 39. Nd7 Nh5 40. Ke3 Kg4 41. Bd6 Kxh4 42. Nf8 g5 43. f3 Ng7 44. Nd7 Nf5+ 45. Kf2 Nxd6 46. Nxf6 Bf5 47. Kg2 Nc4 48. Kf2 Ne5 49. Kg2 h5 50. Kf2 Nd3+ 51. Kg2 Nf4+ 52. Kf2 Kh3 53. Ng8 g4 54. fxg4 hxg4 55. Nh6 g3+ 56. Kf3 g2 57. Nxf5 g1Q 58. Kxf4 Qf2+ 59. Ke5 0-1

[Event "Sterlitamak Rochinskiy op"]
[Site "Sterlitamak"]
[Date "2012.06.22"]
[Round "1"]
[White "Yusupov, Marat"]
[Black "Imashev, Ildar"]
[Result "0-1"]
[WhiteElo "1779"]
[BlackElo "2268"]
[PlyCount "64"]
[EventDate "2012.06.22"]
[EventType "swiss"]
[EventRounds "9"]
[EventCountry "RUS"]
[SourceTitle "EXT 2013"]
[Source "ChessBase"]
[SourceDate "2012.11.22"]
[SourceVersion "1"]
[SourceVersionDate "2012.11.22"]
[SourceQuality "1"]

1. d4 e6 2. c4 Bb4+ 3. Bd2 Qe7 4. a3 Bxd2+ 5. Qxd2 f5 6. Nc3 Nf6 7. g3 d6 8. Bg2 Nc6 9. e3 0-0 10. Nge2 e5 11. 0-0 Bd7 12. d5 Na5 13. Qc2 Nxc4 14. Rfd1 Nb6 15. Rac1 Kh8 16. a4 a5 17. Qb3 Qf7 18. Nb5 Bxb5 19. Qxb5 Ne4 20. Rc2 Nc5 21. b3 Nbd7 22. Rcd2 Ra6 23. Nc1 Rfa8 24. Qc4 Rb6 25. Qc2 e4 26. Bf1 Ne5 27. Be2 Qf6 28. Kg2 g5 29. Rh1 f4 30. Kg1 Rf8 31. Bd1 fxe3 32. fxe3 Qf1# 0-1

[Event "Ufa-ch FL"]
[Site "Ufa"]
[Date "2011.11.23"]
[Round "3.16"]
[White "Yusupov, Marat"]
[Black "Mustaev, Rafail"]
[Result "1-0"]
[WhiteElo "1764"]
[BlackElo "1744"]
[PlyCount "51"]
[EventDate "2011.11.20"]
[EventType "swiss"]
[EventRounds "9"]
[EventCountry "RUS"]
[SourceTitle "EXT 2022"]
[Source "ChessBase"]
[SourceDate "2021.10.06"]
[SourceVersion "1"]
[SourceVersionDate "2021.10.06"]
[SourceQuality "1"]

1. d4 d5 2. c4 c6 3. Nc3 e6 4. Nf3 Bd6 5. Bg5 f6 6. Bh4 dxc4 7. a4 Bd7 8. e3 b5 9. axb5 cxb5 10. Nd2 Ne7 11. Nxb5 Nf5 12. Nxd6+ Nxd6 13. Nxc4 Nf7 14. Bd3 0-0 15. 0-0 Bc6 16. Qh5 Nh6 17. Qa5 Nd7 18. Qxd8 Rfxd8 19. Na5 Rac8 20. Nxc6 Rxc6 21. Rxa7 Rb6 22. Bc4 Kh8 23. Bg3 Nf7 24. Bc7 Rc8 25. Bxb6 Nxb6 26. Bxe6 1-0